Statistics for FIFA Ballon D'Or 2013

Click here to take the quiz!

General Stats

  • This quiz has been taken 116 times
  • The average score is 18 of 23

Answer Stats

RankPlayerClub% Correct
1Cristiano RonaldoReal Madrid
100%
2Lionel MessiBarcelona
100%
5NeymarSantos/Barcelona
97%
3Franck RibéryBayern Munich
93%
6Andrés IniestaBarcelona
92%
23Manuel NeuerBayern Munich
92%
4Zlatan IbrahimovićPSG
91%
9Gareth BaleTottenham/Real Madrid
86%
13Robert LewandowskiBorussia Dortmund
83%
15XaviBarcelona
82%
20Edinson CavaniNapoli/PSG
80%
16Mesut ÖzilReal Madrid/Arsenal
77%
18Thomas MüllerBayern Munich
77%
8Arjen RobbenBayern Munich
76%
21Thiago SilvaPSG
73%
19Luis SuárezLiverpool
72%
14Philipp LahmBayern Munich
69%
11Radamel FalcaoMonaco
68%
7Robin van PersieManchester United
63%
22Eden HazardChelsea
59%
12Yaya TouréManchester City
58%
10Andrea PirloJuventus
57%
17Bastian SchweinsteigerBayern Munich
46%

Score Distribution

Percentile by Number Answered

Percent of People with Each Score

Your Score History

You have not taken this quiz